01656 a2200229 45000010006000000050017000060080041000230030015000640400040000790800073001192450029001922640057002213000032002785050958003100410008012681000019012767000029012957000039013247000021013637000019013847000023014035425920260407155813.0260407a1963 arg spa dAR-UNSa-BCEJYS aAR-UNSa-BCEJYSbspacAR-UNSa-BCEJYS a330.342.172xEconomía libre. Laissez-faire (Economía de Mercado)10aLa economía de mercado 1aMadrid :bSociedad de Estudios y Publicacionesc1963 a2 v. (299 ; 273 p.)c20 cm. aTomo I: 1. El problema político de la ordenación – 2. Las ordenaciones económicas desde el punto de vista social – 3. Posibilidades y límites de la dirección económica – 4. Técnica, concentración y ordenación de la economía – 5. Sistema económico y orden internacional Prolegómenos – 6. Perdidas económicas aparentes en caso de entrada de nuevos competidores en el mercado – 7. Objeciones al orden de la competencia -- Tomo II: 1. Economía de mercado y política económica - 2. Historia económica y pensamiento político - 3. La economía de mercado ante el pensamiento católico - 4. La opinión pública a la luz de los principios del liberalismo - 5. Balance provisional de la integración económica europea, examen crítico - 6. La financiación del progreso técnico - 7. Oferta de dinero y variaciones de los precios y de la producción - 8. Las causas de la constante amenaza a la libertad aspa1 aEucken, Walter1 aMüller- Armack, Alfred1 aStackelberg, Heinrich Freiherr von1 aRöpke, Wilhelm1 aMachlup, Fritz1 aLutz, Friedrich A.